[Event "9th HDBank Open 2019"]
[Site "Ho Chi Minh City"]
[Date "2019.03.10"]
[Round "5.9"]
[White "Wen, Yang"]
[Black "Mendonca, Leon Luke"]
[Result "1/2-1/2"]
[WhiteElo "2599"]
[BlackElo "2446"]
[Annotator "TA"]
[PlyCount "198"]
[EventDate "2019.03.07"]
[EventType "swiss"]
[EventCountry "VIE"]
[SourceTitle "playchess.com"]
[Source "ChessBase"]
[SourceQuality "1"]

{[%evp 18,198,17,8,31,23,42,46,47,26,54,51,66,52,74,75,88,101,90,91,104,104,92,98,121,115,117,63,99,76,75,78,64,64,101,45,166,166,168,166,168,162,157,14,10,15,0,0,38,27,83,91,81,14,99,0,0,5,25,20,24,19,25,29,36,0,85,85,171,85,85,85,85,11,85,54,85,85,85,54,85,85,85,85,85,14,92,56,85,62,95,20,102,92,89,35,83,56,82,8,29,28,51,0,37,0,75,0,0,0,35,40,77,0,29,24,40,31,76,8,29,0,89,90,91,92,95,43,43,14,32,31,35,15,65,33,28,0,64,64,64,14,64,29,67,0,35,0,43,0,99,100,114,0,90,81,81,65,65,65,81,87,88,71,73,18,81,65,65,65,65,65,65,65,65,65,73,9,50,17,17,17,17]} 1. e4 c5 2. Nf3 d6 3. d4 cxd4 4. Nxd4 Nf6 5. Nc3 a6 6. g3 e5 7. Nde2 Be7 8. Bg2 b5 9. Nd5 {B91: Sicilian Najdorf: 6 g3} Nbd7 10. Nec3 {LiveBook: 25 Games} Nxd5 (10... Nb6 11. Nxf6+ Bxf6 12. O-O O-O 13. b3 b4 14. Nd5 Nxd5 15. Qxd5 Be6 16. Qd3 Qc7 {0-1 (57) Giri,A (2782)-Vachier Lagrave,M (2789) Leuven 2018}) 11. Nxd5 {White is slightly better.} Nb6 $146 ({Predecessor:} 11... Nf6 12. Nxe7 Qxe7 13. O-O Bb7 14. Qd3 O-O 15. Rd1 Rfd8 16. Bg5 Bc6 {1-0 (45) Vidit,S (2673)-Karavade,E (2418) Moscow 2017}) 12. Nxe7 Qxe7 13. b3 O-O 14. Be3 Qc7 15. O-O a5 16. Qd3 Ba6 {White should prevent ...b4.} 17. Rfd1 Rfd8 18. Rac1 Nc8 {[%cal Bb6c8,Bc8e7,Be7c6,Bc6a5,Ba5c4][%mdl 32]} 19. h4 Ne7 20. c4 bxc4 21. bxc4 Nc6 22. a3 (22. Qa3 $16) 22... a4 23. Qc2 Na5 24. Qxa4 Nxc4 25. Rc3 Rdc8 26. Rdc1 (26. Bh3 $16 Qc6 27. Qxc6 Rxc6 28. Rdc1) 26... Qc6 (26... Qa5 $14 27. Qxa5 Nxa5) 27. Qb3 $1 $18 Rab8 28. Qa2 $1 Qa4 29. Bh3 Rc7 30. Rb1 (30. Bg4 $1 $16) 30... Rxb1+ 31. Qxb1 {Threatens to win with Qb8+.} Rb7 $36 {[%mdl 2048] Black has good play.} 32. Qd3 Qc6 33. Bc1 Kf8 (33... h6 $11) 34. Qf3 $16 {Hoping for Qf5.} Kg8 35. Kh2 (35. Qg4 $16 {Black must now prevent Qc8+.} Rc7 36. Bf1) 35... Rb8 {[#]} (35... Qb6 $11) 36. Rb3 (36. h5 $1 $16) 36... Rxb3 $11 37. Qxb3 Qb5 (37... Bb7 {seems wilder.} 38. Bg2 Kf8 39. f3 Ke7 40. Bf1 Na5) 38. Qc2 Kf8 39. Bf1 Ke7 40. Bg5+ Ke8 41. Bd2 Qc6 (41... Qb6 $11 42. Bg5 h6) 42. Bb4 $16 Bb5 {[#]} (42... Ke7 $16 {was necessary.}) 43. Bd3 (43. a4 $1 $18 {[%cal Ra4b5][%mdl 512]} Ba6 (43... Bxa4 44. Qxc4) 44. Bxd6) 43... Ke7 44. Qe2 h6 45. Qc2 (45. a4 $16 Ba6 46. f4) 45... Kd7 (45... Nb6 $11) 46. Kg1 Ke7 47. Qc3 Kd7 48. Qb3 Ke7 49. Qd1 Ke8 50. Qe2 Ke7 51. Qc2 (51. Kh2 $16) 51... Kd7 (51... Nb6 $11) 52. Bf1 Ke7 53. Qd1 Ba6 54. Qg4 ({White should play} 54. h5 $16) 54... Kf8 (54... Bb7 $11) 55. Qe2 Ke8 56. Kh2 (56. Qc2 $16) 56... Bb5 57. Qc2 Kd7 58. Bg2 (58. Bd3 $16) 58... Ke7 59. Qc3 Ke8 60. Qf3 (60. Bf1 $14) 60... Kf8 61. h5 Ba6 (61... Nb2 $11 {keeps the balance.}) 62. Qf5 (62. Qd3 $16) 62... Kg8 $11 63. Qg4 Kf8 64. Qd1 Ke7 65. Qb3 (65. Bf1 $16) 65... Bb5 66. Qc3 Ke8 67. Qc2 Kd7 68. Kg1 ({Better is} 68. Bf1 $16) 68... Ke7 69. Bf1 Kd7 (69... Nb6 $11 {remains equal.} 70. Qxc6 Bxc6) 70. Bd3 Ke7 71. Qd1 Ke8 72. Bc2 (72. Kh2 $16) 72... Ke7 73. Bb3 Ba6 74. Qf3 Kf8 75. Kh2 Bb5 76. Qf5 Kg8 77. Qf3 Kf8 78. Qd3 Ke7 79. Qc2 (79. a4 $5 {[%cal Ra4b5]} Ba6 80. Qc2 $16) 79... Kd7 80. Kg1 Ke7 81. Qd1 Ba6 82. Bc2 Bb5 83. Bd3 Ba6 (83... Ke8 $1 $11) 84. Bf1 $16 Bb5 85. Qc2 Kd7 86. a4 Ba6 87. Be1 Ke7 88. Bd3 Ke8 89. Qb3 Qc7 90. Qb4 Ke7 91. Bf1 (91. Bc3 $16) 91... Ke8 (91... Qc6 $1 $11) 92. f3 Ke7 93. Bf2 Ke8 94. Bd3 Ke7 95. a5 Ke8 96. Kh2 Ke7 97. Bb6 ({White should try} 97. Bf1 $16) 97... Qc6 98. Bf1 Ne3 99. Bxe3 Bxf1 {Precision: White = 41%, Black = 37%.} 1/2-1/2

[Event "9th HDBank Open 2019"]
[Site "Ho Chi Minh City"]
[Date "2019.03.10"]
[Round "5.10"]
[White "Popov, Ivan"]
[Black "Tu, Hoang Thong"]
[Result "1-0"]
[WhiteElo "2581"]
[BlackElo "2416"]
[Annotator "TA"]
[PlyCount "95"]
[EventDate "2019.03.07"]
[EventType "swiss"]
[EventCountry "VIE"]
[SourceTitle "playchess.com"]
[Source "ChessBase"]
[SourceQuality "1"]

{[%evp 23,95,25,21,27,28,21,22,24,86,83,81,87,103,93,101,91,135,137,143,134,185,160,224,225,242,254,279,275,272,281,273,277,310,305,306,292,300,295,309,304,356,347,360,354,382,373,383,379,356,368,395,317,640,639,627,603,790,773,949,959,1144,1079,1505,1456,6693,6075,29958,11806,29968,29975,29971,12241,2449,2302]} 1. e4 c5 2. Nf3 d6 3. d4 cxd4 4. Nxd4 Nf6 5. Nc3 Nc6 6. f3 e5 7. Nb3 Be7 8. Be3 a5 9. Bb5 O-O 10. Qd2 Na7 {B56: Classical Sicilian: Unusual Lines} 11. Bxa7 Rxa7 12. O-O-O Be6 {LiveBook: 7 Games. White has an edge.} 13. Qe3 (13. Kb1 Ra8 14. g4 Rc8 15. h4 Nd7 16. Nd5 Bxd5 17. Qxd5 Nb6 18. Qd3 {0-1 (46) So,W (2780)-Vidit,S (2718) chess.com INT 2018}) 13... Ra8 14. Kb1 Qc7 15. Rd2 Nd7 $146 (15... h6 $11 {keeps the balance.}) ({Predecessor:} 15... Rfd8 16. Rhd1 Rac8 17. a3 b6 18. g4 Nd7 19. g5 Nf8 20. f4 {1-0 (20) Ivanauskas,R (2246)-Chan,A ICCF email 2015}) 16. Bxd7 $16 Qxd7 {[#]} 17. Nc5 $1 {[%cal Rc5d7]} Qc6 18. Nxe6 fxe6 {[#]} 19. a4 $1 Rfc8 20. Nb5 Qc4 21. b3 $36 {[%mdl 2048] Keeping Black busy.} Qb4 (21... Qc6 $16 {keeps fighting.}) 22. Kb2 $18 d5 (22... Ra6 $16 {is a better defense.} 23. Rhd1 d5) 23. exd5 Bc5 24. Qd3 exd5 25. Qxd5+ Kh8 {Black hopes to continue with ...Bd4+.} 26. Rhd1 h6 27. Qxe5 Be7 {Hoping for ...Bf6.} 28. c3 Qh4 29. g3 Bf6 30. Qf5 ({Much less strong is} 30. gxh4 $6 Bxe5 31. Kc2 b6 $18) 30... Qg5 31. Qxg5 Bxg5 32. Rd7 Re8 33. f4 ({Don't do} 33. Rxb7 Re2+ 34. Kb1 Bf6 $18) 33... Bf6 34. Nc7 Re2+ 35. R1d2 Rxd2+ 36. Rxd2 {[%mdl 4096] Endgame KRB-KRN} Rc8 37. Rd7 Kh7 $2 (37... Rd8 38. Rxd8+ Bxd8) 38. Nd5 Kg6 39. Nxf6 gxf6 40. Rxb7 {KR-KR} Re8 41. b4 Re2+ 42. Kb3 axb4 43. cxb4 {[%cal Bc3b4,Bb4b5][%mdl 32]} Rxh2 44. a5 {[%cal Ba4a5,Ba5a6][%mdl 32]} Rh3 45. b5 Rxg3+ 46. Kb4 Rg4 47. a6 Rxf4+ 48. Kc5 {Precision: White = 95%, Black = 33%.} 1-0

[Event "9th HDBank Open 2019"]
[Site "Ho Chi Minh City"]
[Date "2019.03.10"]
[Round "5.11"]
[White "Nitin, S.."]
[Black "Tran, Tuan Minh"]
[Result "0-1"]
[WhiteElo "2408"]
[BlackElo "2556"]
[Annotator "TA"]
[PlyCount "70"]
[EventDate "2019.03.07"]
[EventType "swiss"]
[EventCountry "VIE"]
[SourceTitle "playchess.com"]
[Source "ChessBase"]
[SourceQuality "1"]

{[%evp 9,70,0,11,4,16,14,0,0,0,-6,8,0,15,0,8,0,0,0,7,-3,-8,-9,-3,-11,-11,-11,-6,-18,-15,-46,-20,-20,-31,-83,-33,-52,-63,-53,-52,-81,-82,-137,-78,-78,-40,-105,-105,-150,-154,-153,-147,-228,-224,-282,-276,-515,-529,-516,-527,-518,-527,-566,-553]} 1. e4 c5 2. Nf3 d6 3. d4 cxd4 4. Qxd4 Nc6 5. Qe3 g6 6. Be2 {B53: Sicilian: 2...d6: Lines with Qxd4} Bg7 7. O-O Nf6 8. h3 {The position is equal.} (8. Rd1 Be6 9. h3 O-O 10. Nc3 Qc7 11. a3 Rac8 12. Rb1 a6 {½-½ (84) Demchenko,A (2679)-Sarana,A (2630) chess.com INT 2019}) 8... O-O 9. Rd1 Nd7 10. Nc3 b6 11. b3 Bb7 12. Bb2 Rc8 13. a3 $146 a6 14. Rd2 b5 15. Nd1 Qb6 16. Bxg7 Kxg7 17. Qxb6 Nxb6 18. Ne3 Nb8 {[%cal Bc6b8,Bb8d7,Bd7c5][%mdl 32]} 19. Rd4 N8d7 20. Nd2 Nc5 21. Bg4 (21. a4 $15) 21... Rcd8 22. Rb4 Bc6 {...a5 is the strong threat.} 23. a4 Ra8 24. a5 Nc8 25. Be2 (25. Bxc8 $142 Raxc8 26. f3) 25... e5 (25... Na7 $142 26. c4 e6) 26. c4 $17 {[%cal Rc4b5]} Ne7 27. cxb5 ({Better is} 27. Nd5 $15 Bxd5 28. exd5) 27... axb5 28. Rxb5 Bxb5 29. Bxb5 Rfb8 30. Bc4 {[#]} (30. Bf1 $17) 30... Nc6 $1 $19 31. Nd5 Nxa5 32. b4 $2 (32. f3) 32... Nxc4 {Black is clearly winning.} 33. Rxa8 Rxa8 34. Nxc4 Nxe4 35. b5 Rc8 {Accuracy: White = 26%, Black = 74%.} 0-1

[Event "9th HDBank Open 2019"]
[Site "Ho Chi Minh City"]
[Date "2019.03.10"]
[Round "5.12"]
[White "Saravana, Krishnan P."]
[Black "Chanda, Sandipan"]
[Result "1/2-1/2"]
[WhiteElo "2352"]
[BlackElo "2534"]
[Annotator "TA"]
[PlyCount "72"]
[EventDate "2019.03.07"]
[EventType "swiss"]
[EventCountry "VIE"]
[SourceTitle "playchess.com"]
[Source "ChessBase"]
[SourceQuality "1"]

{[%evp 11,72,25,28,30,29,22,21,12,15,11,21,14,24,35,14,0,10,10,20,4,9,0,0,0,6,0,0,0,0,0,0,0,0,0,0,0,0,0,0,0,0,0,0,16,8,0,26,0,0,0,6,0,32,35,75,14,37,45,42,0,8,0,28]} 1. d4 f5 2. Nc3 Nf6 3. Bg5 d5 4. Bxf6 exf6 5. e3 c6 6. Bd3 Be6 7. Nge2 {A80: Dutch Defence: Unusual White second moves} (7. Qf3 g6 8. Nge2 Nd7 9. O-O-O Qc7 10. h3 O-O-O 11. g4 fxg4 12. hxg4 Be7 13. Nf4 Bf7 14. Rh6 Nf8 15. Rdh1 Kb8 16. Nce2 Bd6 {½-½ (34) Grischuk,A (2785)-Svidler,P (2746) Riga 2013}) 7... g6 8. h4 h5 9. Qd2 Nd7 10. Nf4 Bf7 11. Nce2 Bd6 12. b3 $146 ({Predecessor:} 12. f3 Qe7 13. c3 {0-1 (37) Laurenti,S (1823)-Bonafede,A (2107) Porto San Giorgio 2004}) 12... Qe7 13. Kf1 Ne5 14. dxe5 fxe5 15. Nh3 e4 16. Ng5 ({Don't play} 16. Qc3 O-O $17) 16... Be5 17. Rc1 Bf6 18. Nxf7 Kxf7 19. g3 Rad8 20. Kg2 exd3 21. cxd3 d4 22. exd4 Bxd4 23. Rhe1 Qd6 24. Nf4 Be5 25. Nh3 Bf6 26. Re3 Rhe8 27. Rce1 Rxe3 28. Rxe3 c5 29. Qe2 Qc6+ 30. Kh2 Re8 31. Qd2 b5 32. Rxe8 Qxe8 {[#]} 33. Qh6 ({Better is} 33. Qa5 $1 $16) 33... Qf8 34. Qf4 Qd8 35. Qh6 {aiming for Qh7+.} Qf8 36. Qf4 Qd8 {Accuracy: White = 52%, Black = 83%.} 1/2-1/2

[Event "9th HDBank Open 2019"]
[Site "Ho Chi Minh City"]
[Date "2019.03.10"]
[Round "5.13"]
[White "Gukesh D"]
[Black "Zou, Chen"]
[Result "1-0"]
[WhiteElo "2529"]
[BlackElo "2397"]
[Annotator "TA"]
[PlyCount "105"]
[EventDate "2019.03.07"]
[EventType "swiss"]
[EventCountry "VIE"]
[SourceTitle "playchess.com"]
[Source "ChessBase"]
[SourceQuality "1"]

{[%evp 18,105,41,42,58,60,84,83,72,63,81,63,63,45,43,29,76,88,110,97,117,113,136,123,123,145,187,7,8,8,7,9,75,70,76,81,121,121,141,134,138,131,143,124,470,468,586,581,680,679,670,666,634,408,758,721,699,413,721,721,721,721,714,714,531,487,1907,1881,1600,1518,979,851,6923,6287,6111,5962,4602,1739,29979,29978,29979,29980,29980,29980,29981,29982,29990,29991,29991,29992]} 1. Nf3 Nf6 2. g3 g6 3. Bg2 Bg7 4. O-O O-O 5. d4 d6 6. c4 Nbd7 7. Nc3 e5 8. Qc2 Re8 9. Rd1 c6 10. e4 Qa5 {E68: King's Indian: Fianchetto: 6...Nbd7 7 0-0 e5 8 e4} (10... a5 11. b3 exd4 12. Nxd4 Nc5 13. Bf4 Ng4 14. h3 Ne5 15. Be3 Qe7 16. f4 Ned7 17. Re1 Na6 18. a3 Ndc5 19. Bf2 {1-0 (61) Bologan,V (2732)-Radjabov,T (2788) Astana 2012}) 11. h3 b5 12. cxb5 cxb5 {White is better.} 13. a4 $146 ({Predecessor:} 13. Qb3 Rb8 14. dxe5 dxe5 15. Ng5 Rf8 16. Be3 h6 17. Nf3 a6 18. Ne1 Re8 19. Rac1 Nb6 20. Nd5 Nfxd5 21. exd5 Bb7 22. Nd3 Nc4 {½-½ (22) Masic,L-Minic,D Novi Travnik 1969}) 13... bxa4 14. Rxa4 Qc7 15. Qe2 Nb6 16. Nb5 Qe7 17. Ra3 exd4 18. Nfxd4 Bb7 {[%cal Rf6e4]} 19. Bf4 Nxe4 20. Re3 $1 {Strongly threatening Bxe4.} d5 {[#]} 21. Nc7 $1 Qb4 22. Nc2 $2 (22. Nxa8 Bxd4 23. Nxb6 Bxe3 $11) (22. Qb5 $18 Bf8 23. Nxe8 (23. Nxa8 Rxa8 24. Qxb4 Bxb4 $16) 23... Qxb5 24. Nxb5 Rxe8 25. Nxa7) 22... Qxb2 $11 23. Nxe8 Rxe8 24. Na3 Qb4 {[#]} (24... Bc6 $11 {keeps the balance.}) 25. Qb5 $1 $36 {[%cal Rb5b4][%mdl 2048] White has good play.} Qxb5 26. Nxb5 Nc4 27. Ree1 Nb2 28. Rb1 Rd8 29. Nxa7 {Hoping for Re2.} Ra8 30. Be3 {Re2 is the strong threat.} d4 $2 {[%mdl 8192]} (30... Nd3 $16 {is a better chance.}) 31. Bf4 $18 f5 32. Rxb2 Rxa7 33. Bb8 d3 34. Rbb1 d2 35. Rf1 ({Less strong is} 35. Bxa7 dxe1=Q+ 36. Rxe1 Kf7 $18) 35... Bd4 (35... Ra3 $142 36. Rxb7 Rd3) 36. Bxa7 Bxa7 37. Rbd1 ({Not} 37. Rxb7 Bxf2+ 38. Kh2 Bxg3+ 39. Kh1 (39. Kg1 Bf2+ 40. Kh2 Bg3+ 41. Kh1 d1=Q $16) 39... d1=Q $16) 37... Ba6 (37... Bb6 $142 38. Bxe4 fxe4 39. Rxd2 e3) 38. Bxe4 fxe4 39. Rxd2 Bxf1 40. Kxf1 {[%mdl 4096] Endgame KR-KB} Bc5 41. Re2 e3 (41... Kf7 $142 42. Rxe4 Bf8) 42. fxe3 Kf7 43. Kg2 Kf6 44. Kf3 Ke5 45. Rb2 Bf8 46. Rb5+ Kf6 47. Ke4 h5 48. Rb6+ {White mates.} Kf7 49. Kd5 Bh6 50. e4 Be3 51. Rb7+ Kf6 52. e5+ Kg5 53. e6 {Accuracy: White = 73%, Black = 22%.} 1-0

[Event "9th HDBank Open 2019"]
[Site "Ho Chi Minh City"]
[Date "2019.03.10"]
[Round "5.14"]
[White "Nasanjargal, Urtnasan"]
[Black "Xu, Minghui"]
[Result "1-0"]
[WhiteElo "2503"]
[BlackElo "2293"]
[Annotator "TA"]
[PlyCount "95"]
[EventDate "2019.03.07"]
[EventType "swiss"]
[EventCountry "VIE"]
[SourceTitle "playchess.com"]
[Source "ChessBase"]
[SourceQuality "1"]

{[%evp 18,95,16,12,3,18,14,0,19,17,20,16,32,31,25,33,31,35,35,21,10,21,21,16,15,9,11,4,12,10,15,9,10,0,0,0,0,0,3,0,39,32,100,102,100,98,95,89,165,175,171,171,171,171,186,166,173,168,213,170,225,231,250,247,228,240,297,299,274,271,495,485,580,551,566,537,529,579,29966,218]} 1. d4 d5 2. c4 e6 3. Nf3 Nf6 4. g3 Bb4+ 5. Bd2 Be7 6. Bg2 O-O 7. O-O Nbd7 8. Qc2 c6 9. Rd1 b6 10. b3 a5 {E11: Bogo-Indian} 11. Bc3 Bb7 12. Nbd2 c5 {The position is equal.} 13. Ne5 cxd4 14. Bxd4 {[#]} Bc5 $146 ({Predecessor:} 14... Nxe5 15. Bxe5 Qc8 16. Rac1 dxc4 17. Bxf6 Bxf6 18. Qxc4 Bxg2 19. Kxg2 {1-0 (56) Giri,A (2773)-Topalov,V (2798) Stavanger 2015}) 15. Qb2 Bxd4 16. Qxd4 Nxe5 17. Qxe5 Qb8 18. Qd4 dxc4 19. Bxb7 Qxb7 20. Nxc4 b5 21. Nd6 Qa6 22. Rac1 Rfd8 {[#] aiming for ...Ne8.} 23. e4 b4 24. Rc4 Rd7 25. Rd2 h6 26. e5 Nd5 27. Qg4 Rad8 28. Qh5 Kf8 29. Rd3 Rxd6 (29... Kg8 $14) 30. exd6 $16 Qxd6 31. Rf3 {[%csl Gf3][%cal Rh5f7]} Qd7 32. Qe5 $40 {[%mdl 128] White is out for blood.} Qd6 (32... Kg8 $16) 33. Qxd6+ $18 Rxd6 {[%mdl 4096] Endgame [#] KRR-KRN} 34. Rc8+ $1 Ke7 35. Ra8 {Threatens to win with Ra7+.} f5 36. Rxa5 Rc6 37. Rd3 Rc2 38. Rd1 Kf6 (38... Nc3 $142 39. Ra7+ Kf6) 39. Ra6 Nc3 40. Re1 Ne4 41. h4 Kf7 42. f3 Nxg3 43. Rexe6 ({Weaker is} 43. Raxe6 Rxa2 44. Re7+ Kg8 $16) 43... f4 $2 (43... Rxa2 {was worth a try.} 44. Rf6+ Ke7 45. Rxh6 Rxa6 46. Rxa6 Ne2+ 47. Kf2 Nf4) 44. Rec6 Rb2 45. Ra7+ Kg8 46. Rcc7 Nf5 47. h5 Kh8 48. Ra8+ $2 {Accuracy: White = 76%, Black = 41%.} (48. Rc8+ {mates} Kh7 49. Raa8 g5 50. Ra7+ Ng7 51. Rcc7 Rb1+ 52. Kg2 Re1 53. Rxg7+ Kh8 54. Rh7+ Kg8 55. Rxh6) 1-0

[Event "9th HDBank Open 2019"]
[Site "Ho Chi Minh City"]
[Date "2019.03.10"]
[Round "5.15"]
[White "Wang, Shixu B"]
[Black "Nguyen, Anh Khoi"]
[Result "1/2-1/2"]
[WhiteElo "2362"]
[BlackElo "2484"]
[Annotator "TA"]
[PlyCount "53"]
[EventDate "2019.03.07"]
[EventType "swiss"]
[EventCountry "VIE"]
[SourceTitle "playchess.com"]
[Source "ChessBase"]
[SourceQuality "1"]

{[%evp 19,53,56,47,45,36,34,43,35,45,55,79,85,96,66,80,64,83,67,94,58,65,20,16,25,36,16,29,-20,-9,-22,-7,-20,-18,-19,-25,-20]} 1. d4 Nf6 2. c4 g6 3. Nc3 Bg7 4. e4 d6 5. Be2 O-O 6. Bg5 c5 7. d5 h6 8. Be3 e6 9. Qd2 exd5 10. exd5 Kh7 11. h4 {E74: King's Indian: Averbakh Variation: 6...c5} (11. h3 Re8 12. Bd3 b5 13. Nxb5 Ne4 14. Bxe4 Rxe4 15. Rc1 a6 16. Nc3 Rxc4 17. a3 Nd7 18. Nf3 a5 19. O-O Qb6 20. Qc2 Rb8 {½-½ (38) Ponomariov,R (2723)-Grischuk,A (2752) Beijing 2011}) 11... Ng4 12. Bf4 Re8 13. Kf1 {White is slightly better.} Ne5 $146 ({Predecessor:} 13... a6 14. Bxg4 Bxg4 15. f3 Bc8 16. Ne4 Bf8 17. Bg5 Be7 18. Bxh6 Bf5 {1-0 (47) Toncheva,N (1802)-Goraj,B (1711) Mamaia 2017}) 14. Nf3 Nbd7 15. h5 {Strongly threatening Bxh6!} g5 {[#]} 16. Nxg5+ $1 hxg5 17. Bxg5 f6 18. Qc2+ {[%mdl 1024] White has strong compensation.} Kh8 19. h6 Bf8 20. Bh4 Be7 $1 21. f4 f5 22. Bxe7 ({Don't play} 22. fxe5 Bxh4 23. e6 Ne5 $15) 22... Qxe7 23. fxe5 Nxe5 24. Kg1 Bd7 25. Qd2 Rg8 26. Rf1 Rg3 27. Rh2 {Accuracy: White = 55%, Black = 69%.} 1/2-1/2

[Event "9th HDBank Open 2019"]
[Site "Ho Chi Minh City"]
[Date "2019.03.10"]
[Round "5.16"]
[White "Nguyen, Duc Hoa"]
[Black "Rohith, Krishna S"]
[Result "1/2-1/2"]
[WhiteElo "2450"]
[BlackElo "2363"]
[Annotator "TA"]
[PlyCount "111"]
[EventDate "2019.03.07"]
[EventType "swiss"]
[EventCountry "VIE"]
[SourceTitle "playchess.com"]
[Source "ChessBase"]
[SourceQuality "1"]

{[%evp 13,111,23,22,28,36,20,28,22,26,27,43,38,43,29,25,0,29,34,32,33,38,27,18,22,25,14,50,23,37,28,33,19,6,0,41,39,44,0,0,0,45,24,24,24,24,24,24,24,24,25,38,38,38,38,37,33,37,10,10,10,14,0,4,0,0,0,0,0,0,0,0,0,0,0,0,0,0,0,0,0,0,0,0,0,0,0,0,0,0,0,0,0,0,0,0,0,0,0,0,0]} 1. d4 d5 2. c4 e6 3. Nf3 Nf6 4. g3 Be7 5. Bg2 O-O 6. Qc2 b6 {E06: Closed Catalan: Early deviations} (6... c5 7. dxc5 Qa5+ 8. Nc3 dxc4 9. O-O Nc6 10. Bg5 Qxc5 11. Bxf6 gxf6 12. Rfd1 f5 13. e4 Bf6 14. Rab1 Nb4 15. Qe2 Nd3 16. Ne1 Nxe1 17. Rxe1 {½-½ (40) Matlakov,M (2683)-Bacrot,E (2678) Bastia 2018}) 7. cxd5 exd5 {LiveBook: 16 Games} 8. Bf4 Bd6 $146 {White has an edge.} ({Predecessor:} 8... c5 9. O-O Bb7 10. Nc3 Nbd7 11. Rad1 c4 12. Nd2 Rc8 13. Nb5 a6 14. Nd6 Bxd6 15. Bxd6 Re8 16. Rfe1 b5 17. Bh3 Rc6 18. Bf4 Nf8 {0-1 (48) Goroshilov,V (2074)-Reshetnikov,A (2447) Moscow 2010}) 9. Bxd6 Qxd6 10. O-O Bb7 11. Nc3 Na6 12. Rfd1 Qe7 13. Ng5 {[%cal Bf3g5,Bg5h3,Bh3f4][%mdl 32]} h6 14. Nh3 Rfe8 15. Nf4 c6 16. Rac1 Nc7 17. Re1 Ne6 18. Nxe6 Qxe6 19. b4 Ne4 20. e3 Nd6 21. Qb1 Rac8 22. e4 dxe4 23. Nxe4 Nxe4 24. Rxe4 Qd7 25. Rce1 {[#] Black must now prevent Bh3!} Rxe4 26. Qxe4 Ba8 27. Qf4 Bb7 28. Qh4 Re8 29. Rxe8+ Qxe8 30. Qe4 Qxe4 31. Bxe4 $11 {[%mdl 4096] Endgame KB-KB} a6 32. a4 {[%cal Ba2a4,Ba4a5][%mdl 32]} b5 33. a5 Kf8 34. Kg2 Ke7 35. Kf3 Kd6 {The position is equal.} 36. Kf4 Bc8 37. h4 g6 38. g4 Be6 39. f3 Bd5 40. g5 h5 41. Bc2 Be6 42. Ke3 Bd5 43. Bd1 Be6 44. f4 Bf5 45. Bb3 Be6 46. Bc2 Bf5 47. Be4 Be6 48. Bf3 Bd5 {[#] Threatens to win with ...Bxf3.} 49. Be2 {f5! is the strong threat.} Be6 50. Bd1 Bf5 51. Bf3 Be6 52. Bg2 Bd5 53. Be4 {Hoping for f5.} Be6 54. Bc2 Bf5 55. Bb3 Be6 56. Bc2 {Precision: White = 66%, Black = 73%.} 1/2-1/2

[Event "9th HDBank Open 2019"]
[Site "Ho Chi Minh City"]
[Date "2019.03.10"]
[Round "5.17"]
[White "Liu, Guanchu"]
[Black "Le, Minh Hoang"]
[Result "1-0"]
[WhiteElo "2445"]
[BlackElo "2299"]
[Annotator "TA"]
[PlyCount "97"]
[EventDate "2019.03.07"]
[EventType "swiss"]
[EventCountry "VIE"]
[SourceTitle "playchess.com"]
[Source "ChessBase"]
[SourceQuality "1"]

{[%evp 13,97,18,9,14,27,25,31,34,51,57,68,58,72,64,52,56,65,60,63,67,108,84,95,88,118,113,139,135,135,150,158,155,189,189,179,177,197,193,210,206,210,201,212,200,231,216,224,228,310,327,402,364,494,475,470,464,463,450,446,439,595,346,237,0,627,554,595,645,637,626,558,629,604,568,766,645,1146,1030,1433,1404,29981,29982,29982,29983,29983,29984]} 1. e4 c6 2. d4 d5 3. e5 Bf5 4. Nf3 e6 5. Be2 Ne7 6. O-O Nd7 7. Nbd2 c5 8. c4 {B12: Caro-Kann: Advance Variation} (8. c3 Nc6 9. Nb3 c4 10. Nbd2 b5 11. Re1 b4 12. Nf1 Be7 13. Ng3 Bg6 14. Be3 O-O 15. h4 Bxh4 16. Nxh4 Qxh4 17. cxb4 Nxb4 {1-0 (35) Vachier Lagrave,M (2789)-Mamedyarov,S (2808) Paris 2018}) 8... Nc6 9. cxd5 exd5 10. dxc5 {White is slightly better.} Nxc5 11. Nb3 Be7 12. Be3 Ne6 $146 ({Predecessor:} 12... Nxb3 13. Qxb3 Qd7 14. Rad1 Be6 15. Nd4 O-O 16. Nxe6 fxe6 {½-½ (54) Balshaw,A (2311)-Morley,P (2345) ICCF email 2012}) 13. Nfd4 $36 {[%mdl 2048] White fights for an advantage.} Nexd4 14. Nxd4 Nxd4 15. Qxd4 O-O 16. Rad1 Qc7 17. Qxd5 Rfd8 18. Rc1 Qb8 19. Qa5 Be4 20. Qc7 Qxc7 21. Rxc7 Kf8 22. Rfc1 Bc6 23. Bf3 Bxf3 24. gxf3 b6 25. f4 Ke8 26. Rb7 {Threatens to win with Rcc7.} Rd7 27. Rcc7 Rxc7 28. Rxc7 $18 {[%mdl 4096] Endgame KRB-KRB} g6 29. b3 a5 30. Bxb6 a4 31. Ra7 Rxa7 32. Bxa7 axb3 33. axb3 {KB-KB} Kd7 34. Kf1 Kc6 35. Ke2 Kd5 36. Kd3 Bb4 37. Ke3 Ba3 38. Kd3 $2 {[#]} (38. Kd2) 38... Bb4 39. Be3 Be1 40. f3 Bb4 41. Bd2 Bc5 42. b4 {[%cal Bb3b4,Bb4b5][%mdl 32]} Be7 43. h3 h6 44. Be1 Bd8 45. Bf2 Be7 46. b5 Bc5 47. Bxc5 {White mates.} Kxc5 48. Ke4 Kxb5 49. Kd5 {Accuracy: White = 86%, Black = 26%.} 1-0